000 00225nam a2200097Ia 4500
005 20251222114415.0
008 251222s1900||||xx |||||||||||||| ||spa||
082 _aDVD0010/S81
245 0 _aUna guerra de pelĂ­cula.:
942 _cDVD
999 _c2212
_d2212